[Event "Let's Play 739"]
[Site "http://www.queenalice.com/game.php?id=1832857"]
[Date "2024.3.6"]
[Round "-"]
[White "digger"]
[Black "MePa"]
[Result "0-1"]
[WhiteElo "1607"]
[BlackElo "1797"]

1. Nf3 d5 2. e3 Nf6 3. d4 c5 4. c3 Nbd7 5. Bb5 Qb6 6. Be2 e6 7. a4 Bd6 8. O-O
O-O 9. b3 Ne4 10. a5 Qc7 11. Bd3 Ndf6 12. Bxe4 Nxe4 13. c4 dxc4 14. dxc5 Nxc5
15. bxc4 Rd8 16. Qd2 Bxh2+ 17. Nxh2 Rxd2 18. Bxd2 Ne4 19. Bc1 Qxc4 20. Na3 Qc3
21. Ra2 Qxa5 22. Rd1 Qc7 23. Nb5 Qe7 24. f3 Nc5 25. Ba3 b6 26. Rad2 Ba6 27. Nc3
h6 28. Ne4 Rc8 29. Nd6 Rc7 30. Ne4 f5 31. Nf2 Qf7 32. Rd8+ Kh7 33. Bxc5 bxc5 34.
f4 c4 35. Nf3 Bb7 36. Kh2 Qh5+ 37. Nh3 Bxf3 38. gxf3 Qxf3 39. Rg1 Qxe3 40. Rg2
c3 41. Nf2 Qxf4+ 42. Kh1 c2 43. Nd3 Qh4+ 44. Rh2 c1=Q+ 45. Nxc1 Rxc1+ 46. Kg2
Rc2+ 47. Kf1 Qxh2 0-1

[Event "AUTO-ADV-4772"]
[Site "http://www.queenalice.com/game.php?id=1832871"]
[Date "2024.3.6"]
[Round "1"]
[White "WHUSIRO"]
[Black "MePa"]
[Result "1-0"]
[WhiteElo "1985"]
[BlackElo "1782"]

1. e4 c6 2. d4 d5 3. exd5 cxd5 4. Bd3 Nc6 5. c3 Nf6 6. Ne2 Bg4 7. O-O e6 8. f3
Bh5 9. Bg5 Be7 10. Qa4 O-O 11. Nd2 a6 12. Nf4 Bg6 13. Nxg6 fxg6 14. Be3 Qc7 15.
g3 Rf7 16. Rfe1 Raf8 17. Kg2 Bd6 18. Bf2 e5 19. dxe5 Nxe5 20. Qd4 Nfd7 21. Qxd5
Nxd3 22. Qxd3 Nf6 23. Re6 Bc5 24. Bxc5 Rd8 25. Rae1 Nd7 26. Re8+ Rxe8 27. Rxe8+
Nf8 28. Qd5 1-0

[Event "AUTO-ADV-4772"]
[Site "http://www.queenalice.com/game.php?id=1832872"]
[Date "2024.3.6"]
[Round "1"]
[White "MePa"]
[Black "WHUSIRO"]
[Result "0-1"]
[WhiteElo "1774"]
[BlackElo "1993"]

1. e4 c5 2. Nf3 d6 3. Bb5+ Bd7 4. Bxd7+ Nxd7 5. O-O Ngf6 6. Qe2 e5 7. Nc3 a6 8.
d3 b5 9. Be3 Be7 10. a3 O-O 11. Rfd1 Ng4 12. Bd2 Ngf6 13. Be3 Qc7 14. b3 b4 15.
axb4 cxb4 16. Na4 Rfc8 17. Rdc1 d5 18. exd5 Nxd5 19. Bg5 f6 20. Bh4 Nf4 21. Qd2
a5 22. Ra2 Ra6 23. Nb2 Nb6 24. Nc4 Nxc4 25. dxc4 Rd8 26. Qe3 Rad6 27. h3 g5 28.
Bg3 R8d7 29. Raa1 Qd8 30. Rxa5 Nh5 31. Kh2 Qxa5 0-1

[Event "AUTO-ADV-4772"]
[Site "http://www.queenalice.com/game.php?id=1832893"]
[Date "2024.3.6"]
[Round "1"]
[White "Capixabba789"]
[Black "MePa"]
[Result "0-1"]
[WhiteElo "1975"]
[BlackElo "1793"]

1. e4 c6 2. d4 d5 3. exd5 cxd5 4. Nf3 Nc6 5. Bd3 Bg4 6. Be3 Nf6 7. Nbd2 Qb6 8.
b3 e6 9. c3 Bd6 10. Qc2 O-O 11. O-O Rac8 12. a4 a6 13. a5 Qc7 14. b4 Rfe8 15.
Bg5 Ne4 16. Bxe4 dxe4 17. Qxe4 Bf5 18. Qe1 Nb8 19. Kh1 Qxc3 20. Ne4 Qxe1 21.
Rfxe1 Bxb4 22. Re2 Rc7 23. h3 Rec8 24. Bf4 Rd7 25. Be5 Nc6 26. Ng3 Bd3 27. Rea2
Bc4 28. Ra4 Bd5 29. Rc1 Bd6 30. Bxd6 Rxd6 31. Ne5 Rcd8 32. Nxc6 Bxc6 0-1

[Event "AUTO-ADV-4772"]
[Site "http://www.queenalice.com/game.php?id=1832894"]
[Date "2024.3.6"]
[Round "1"]
[White "MePa"]
[Black "Capixabba789"]
[Result "0-1"]
[WhiteElo "1817"]
[BlackElo "1977"]

1. e4 e5 2. Nf3 Nf6 3. Nc3 d6 4. d4 exd4 5. Nxd4 Be7 6. g3 Bg4 7. f3 Bd7 8. Be3
c5 9. Nb3 Nc6 10. Qd2 Ne5 11. Bg2 Bc6 12. O-O-O Qc7 13. Nd5 Nxd5 14. exd5 Ba4
15. Qc3 O-O 16. h4 b5 17. Qe1 b4 18. Bg5 Bd8 19. Nd2 b3 20. cxb3 Nd3+ 0-1

[Event "AUTO-ADV-4773"]
[Site "http://www.queenalice.com/game.php?id=1833114"]
[Date "2024.3.10"]
[Round "1"]
[White "Spessatto"]
[Black "MePa"]
[Result "1-0"]
[WhiteElo "1819"]
[BlackElo "1791"]

1. d4 d5 2. Nf3 Nf6 3. h3 Bf5 4. Bf4 e6 5. e3 c5 6. c3 Nc6 7. Nbd2 cxd4 8. exd4
a6 9. Ne5 Be7 10. Ndf3 O-O 11. Bd3 Bxd3 12. Nxd3 Rc8 13. O-O Ne4 14. Nfe5 Nxe5
15. Nxe5 b5 16. Qg4 Kh8 17. Rfe1 Bf6 18. f3 Nd6 19. Bd2 Nc4 20. Nxc4 Rxc4 21. b3
Rc6 22. Re2 Qe7 23. a4 Rfc8 24. axb5 axb5 25. Ree1 Qb7 26. Bg5 Bxg5 27. Qxg5
Rxc3 28. b4 Qc7 29. Red1 Rb3 30. Rac1 Qd8 31. Rxc8 Qxc8 32. Rc1 Qe8 33. Rc7 h6
34. Qc1 Kh7 35. Qc2+ 1-0

[Event "AUTO-ADV-4773"]
[Site "http://www.queenalice.com/game.php?id=1833115"]
[Date "2024.3.10"]
[Round "1"]
[White "MePa"]
[Black "Spessatto"]
[Result "0-1"]
[WhiteElo "1807"]
[BlackElo "1796"]

1. e4 e5 2. Nf3 Nc6 3. Nc3 a6 4. d4 exd4 5. Nxd4 Bc5 6. Nxc6 bxc6 7. Bc4 d6 8.
O-O Nf6 9. Re1 O-O 10. Bg5 h6 11. Bh4 Bg4 12. Qd3 Bh5 13. Bxa6 Bg6 14. Bc4 d5
15. exd5 Bxd3 0-1

[Event "AUTO-ADV-4773"]
[Site "http://www.queenalice.com/game.php?id=1833126"]
[Date "2024.3.10"]
[Round "1"]
[White "bdpq"]
[Black "MePa"]
[Result "0-1"]
[WhiteElo "1605"]
[BlackElo "1788"]

1. e4 c6 2. d3 d5 3. exd5 cxd5 4. Bf4 Nc6 5. Be2 Nf6 6. Bg5 e5 7. Nf3 Bd6 8. O-O
O-O 9. Nc3 Be6 10. d4 e4 11. Nb5 Be7 12. Bf4 exf3 13. Bxf3 Rc8 14. c3 a6 15. Na3
Re8 16. Be5 Nxe5 17. dxe5 Ne4 18. Be2 Qc7 19. Bf3 Qxe5 20. Be2 Bd6 21. g3 Bh3
22. Re1 Qf5 23. Bf3 Bxa3 24. bxa3 Nxc3 25. Rxe8+ Rxe8 26. g4 Qd7 27. Qd4 Nb5 28.
Qxd5 Qxd5 29. Bxd5 b6 30. Bc6 Re6 31. Bh1 Bxg4 32. Bd5 Rd6 33. Bg2 Nxa3 34. Bb7
a5 35. Re1 g6 36. Re7 Bh3 37. f3 Rd2 38. f4 Rxa2 39. Re8+ Kg7 40. Ra8 Nc4 41.
Bd5 Rc2 42. Ra7 Ne3 43. Bxf7 Rg2+ 44. Kh1 Kh6 45. Re7 Nd1 0-1

[Event "AUTO-ADV-4773"]
[Site "http://www.queenalice.com/game.php?id=1833127"]
[Date "2024.3.10"]
[Round "1"]
[White "MePa"]
[Black "bdpq"]
[Result "1-0"]
[WhiteElo "1779"]
[BlackElo "1616"]

1. e4 d5 2. exd5 Qxd5 3. Nc3 Qd8 4. d4 e6 5. Nf3 Bb4 6. Bc4 Ne7 7. Bd2 O-O 8.
O-O Nf5 9. d5 exd5 10. Bxd5 Bc5 11. Re1 c6 12. Bb3 Bd6 13. Bg5 Be7 14. Bxe7 Qxd1
15. Raxd1 Re8 16. Bc5 Be6 17. Bxe6 fxe6 18. Ne5 Na6 19. Ne4 Nxc5 20. Nxc5 b6 21.
Ne4 c5 22. Rd7 Ne7 23. Ng5 h6 24. Nxe6 Nf5 25. Nc7 Rxe5 26. Rxe5 Rf8 27. Nd5 a5
28. Nxb6 Nd4 29. Rxc5 Ne2+ 30. Kf1 Nf4 31. Rxa5 Kh7 32. Raa7 Ne6 33. Re7 Rf6 34.
Nd5 Rg6 35. Ra6 h5 36. Raxe6 Rg5 37. Re5 1-0

[Event "AUTO-ADV-4773"]
[Site "http://www.queenalice.com/game.php?id=1833132"]
[Date "2024.3.10"]
[Round "1"]
[White "piemme"]
[Black "MePa"]
[Result "0-1"]
[WhiteElo "1705"]
[BlackElo "1805"]

1. e4 c6 2. Bc4 d5 3. exd5 cxd5 4. Bf1 Nc6 5. Nc3 Nf6 6. d3 Bf5 7. Qf3 e6 8. Bg5
Bd6 9. Qd1 h6 10. Bxf6 Qxf6 11. Nf3 O-O 12. Nb5 Bc5 13. Be2 Qxb2 14. Qb1 Qf6 15.
O-O a6 16. d4 Ba7 17. Nd6 b5 18. Nxf5 Qxf5 19. c3 Qf6 20. Bd1 Rfc8 21. Bc2 Na5
22. Bh7+ Kh8 23. Ne5 Nc4 24. a4 Nd2 25. Qc2 Nxf1 26. Kxf1 Rc7 27. Bd3 Rac8 28.
Ra3 Bxd4 29. axb5 Qxe5 30. bxa6 Bxc3 31. a7 Qe1# 0-1

[Event "AUTO-ADV-4773"]
[Site "http://www.queenalice.com/game.php?id=1833133"]
[Date "2024.3.10"]
[Round "1"]
[White "MePa"]
[Black "piemme"]
[Result "1-0"]
[WhiteElo "1769"]
[BlackElo "1705"]

1. e4 e6 2. d4 d5 3. exd5 Qxd5 4. Nc3 Qd8 5. Bc4 Bb4 6. Qd3 Nc6 7. Ne2 a6 8. Be3
Nf6 9. O-O O-O 10. Ne4 b5 11. Bb3 Nxe4 12. Qxe4 Re8 13. Qxc6 Bd7 14. Qe4 c6 15.
c3 Be7 16. Bc2 Qc7 17. Qxh7+ 1-0

[Event "AUTO-ADV-4773"]
[Site "http://www.queenalice.com/game.php?id=1838361"]
[Date "2024.6.10"]
[Round "2"]
[White "carlitomontana93270"]
[Black "MePa"]
[Result "1-0"]
[WhiteElo "1820"]
[BlackElo "1886"]

1. c4 e6 2. d3 d5 3. cxd5 exd5 4. g3 Nf6 5. Bg2 Be7 6. Nf3 O-O 7. O-O c6 8. Nbd2
Bg4 9. h3 Be6 10. b3 Nbd7 11. e4 dxe4 12. dxe4 Re8 13. Bb2 Qc7 14. Re1 Rad8 15.
Rc1 Bb4 16. a3 Ba5 17. b4 Bb6 18. e5 Nd5 19. Ng5 h6 20. Nxe6 Rxe6 21. Nf3 Ne7
22. Qb3 Nf8 23. Rcd1 Rd5 24. Nh4 Rxd1 25. Qxd1 Nfg6 26. Nxg6 Nxg6 27. Qe2 a5 28.
Bc3 axb4 29. Bxb4 Bd4 30. Bd6 Qd8 31. Rd1 Qb6 32. Rd2 Nxe5 33. Bxe5 Rxe5 34. Qc4
Re1+ 35. Kh2 Bf6 36. Qd3 Re7 37. Be4 Re8 38. Bh7+ Kh8 39. Be4 Qc7 40. Qb3 Qe7
41. Bc2 b5 42. Bf5 Qf8 43. Rd7 Re7 44. Rd6 Rc7 45. Rd3 Rb7 46. Re3 c5 47. Qd5
Rc7 48. Bd7 1-0

[Event "AUTO-ADV-4773"]
[Site "http://www.queenalice.com/game.php?id=1838362"]
[Date "2024.6.10"]
[Round "2"]
[White "MePa"]
[Black "carlitomontana93270"]
[Result "1-0"]
[WhiteElo "1872"]
[BlackElo "1832"]

1. e4 d6 2. d4 e6 3. Nc3 g6 4. f4 Bg7 5. Be3 Nf6 6. Nf3 O-O 7. Be2 Nbd7 8. Qd2
b6 9. h4 Nh5 10. g4 Nhf6 11. Ng5 h6 12. Nf3 Bb7 13. h5 Nxg4 14. hxg6 fxg6 15.
O-O-O d5 16. e5 h5 17. Bd3 Qe8 18. Nb5 Qd8 19. Bxg6 a6 20. Nc3 c5 21. Rxh5 Nxe3
22. Qxe3 cxd4 23. Nxd4 Nc5 24. Rdh1 Rf5 25. Bxf5 1-0

[Event "AUTO-OPEN-4547"]
[Site "http://www.queenalice.com/game.php?id=1843199"]
[Date "2024.9.6"]
[Round "1"]
[White "SGF"]
[Black "MePa"]
[Result "1-0"]
[WhiteElo "1806"]
[BlackElo "1867"]

1. e4 c6 2. Qf3 d5 3. exd5 cxd5 4. Bb5+ Nc6 5. Nc3 Nf6 6. h3 a6 7. Bxc6+ bxc6 8.
d4 e6 9. Bg5 Be7 10. Bxf6 Bxf6 11. g4 Qb6 12. a4 Bxd4 13. Nd1 O-O 14. Ne2 e5 15.
c3 e4 16. Qg3 Bf6 17. a5 Qxb2 18. Nxb2 1-0

[Event "AUTO-OPEN-4547"]
[Site "http://www.queenalice.com/game.php?id=1843200"]
[Date "2024.9.6"]
[Round "1"]
[White "MePa"]
[Black "SGF"]
[Result "1-0"]
[WhiteElo "1849"]
[BlackElo "1801"]

1. e4 e5 2. Nf3 Qf6 3. Nc3 c6 4. d4 d6 5. Be3 Bg4 6. Be2 Be7 7. h3 Bxf3 8. Bxf3
h6 9. Qd2 h5 10. O-O-O a5 11. dxe5 dxe5 12. Na4 Nd7 13. Qxd7+ Kf8 14. Qxb7 Rd8
15. Nc5 Rxd1+ 16. Rxd1 g5 17. Nd7+ Kg7 18. Nxf6 Bxf6 19. Rd7 Ne7 20. Bc5 Re8 21.
Bxe7 Bxe7 22. Rxe7 Rxe7 23. Qxe7 Kg6 24. Qxe5 a4 25. Qf5+ Kh6 26. Qxf7 c5 27.
Bxh5 c4 28. Qg6# 1-0

[Event "AUTO-OPEN-4547"]
[Site "http://www.queenalice.com/game.php?id=1843227"]
[Date "2024.9.6"]
[Round "1"]
[White "pollo"]
[Black "MePa"]
[Result "1-0"]
[WhiteElo "1795"]
[BlackElo "1849"]

1. e4 c6 2. Nc3 d5 3. e5 d4 4. Na4 Qa5 5. c3 dxc3 6. bxc3 Bf5 7. Nf3 e6 8. d4
Ne7 9. Nc5 Nd5 10. Nxb7 Qxc3+ 11. Bd2 Qa3 12. Rc1 Bb4 13. Bxb4 Qxb4+ 14. Qd2
Qxb7 15. Bc4 O-O 16. O-O Nd7 17. Nh4 Bg6 18. Nxg6 fxg6 19. Rb1 N7b6 20. Be2 Qf7
21. Rbc1 Rfc8 22. Rc2 Rc7 23. Rfc1 Qe8 24. Qa5 Qd7 25. Bf3 Qe7 26. Rxc6 Rac8 27.
Bxd5 Nxd5 28. R6c5 Kf8 29. Rxc7 Rxc7 30. Rxc7 Qxc7 31. Qa3+ Qe7 32. Qc1 Qc7 33.
Qa3+ Ne7 34. h3 1-0

[Event "AUTO-OPEN-4547"]
[Site "http://www.queenalice.com/game.php?id=1843228"]
[Date "2024.9.6"]
[Round "1"]
[White "MePa"]
[Black "pollo"]
[Result "0-1"]
[WhiteElo "1831"]
[BlackElo "1813"]

1. e4 e5 2. Nf3 Nc6 3. d4 exd4 4. Nxd4 Qf6 5. Nxc6 bxc6 6. Nc3 Bb4 7. Bd2 Ne7 8.
Qe2 O-O 9. O-O-O d6 10. h4 d5 11. Na4 Rb8 12. e5 Qf5 13. g4 Qxg4 14. f3 Bxd2+
15. Rxd2 Qxa4 16. a3 Nf5 17. Qh2 Ne3 18. Bd3 Ba6 19. Qe2 Bxd3 20. Qxe3 Bf5 21.
Rg2 Rfe8 22. Qg5 Bg6 23. h5 h6 24. Qg3 Re6 25. f4 f5 26. exf6 Rxf6 27. hxg6 Qb5
28. c3 Qc5 29. Rd1 d4 30. Rxd4 a5 31. Qd3 Qe7 32. Re2 Qf8 33. Qc4+ Kh8 34. Rd7
Rxf4 35. Qxc6 Rf1+ 36. Rd1 Rxd1+ 37. Kxd1 Qf1+ 0-1

[Event "AUTO-OPEN-4547"]
[Site "http://www.queenalice.com/game.php?id=1843247"]
[Date "2024.9.6"]
[Round "1"]
[White "MePa"]
[Black "Kapablanca"]
[Result "0-1"]
[WhiteElo "1863"]
[BlackElo "2080"]

1. e4 e6 2. d4 d5 3. exd5 exd5 4. Nf3 Nf6 5. Bd3 Bd6 6. Qe2+ Qe7 7. Qxe7+ Bxe7
8. Bf4 O-O 9. Bxc7 Nc6 10. c3 Bg4 11. Be2 Rfe8 12. Ne5 Bxe2 13. Kxe2 Rac8 14.
Nxc6 bxc6 15. Be5 Ng4 16. f4 f6 17. h3 Nh6 18. Nd2 Bd8 19. g4 fxe5 20. fxe5 Bh4
21. Raf1 Rf8 22. Nf3 Be7 23. b3 Nf7 24. h4 Nd8 25. Kd3 Ne6 26. Ne1 Rxf1 27. Rxf1
Rf8 28. Rxf8+ Nxf8 29. Nf3 Ng6 30. g5 h6 31. gxh6 gxh6 32. c4 Bxh4 33. Nxh4 Nxh4
34. cxd5 cxd5 35. b4 Kf7 36. a4 Ke6 37. b5 Nf5 38. a5 Kd7 39. b6 axb6 40. axb6
Kc6 41. b7 Kxb7 42. Ke2 Nxd4+ 43. Ke3 Ne6 0-1

[Event "AUTO-OPEN-4547"]
[Site "http://www.queenalice.com/game.php?id=1843248"]
[Date "2024.9.6"]
[Round "1"]
[White "Kapablanca"]
[Black "MePa"]
[Result "1-0"]
[WhiteElo "2087"]
[BlackElo "1856"]

1. c4 e6 2. d4 d5 3. Nc3 Nf6 4. Nf3 a6 5. e3 dxc4 6. Bxc4 b5 7. Bb3 Bb7 8. O-O
Bd6 9. h3 O-O 10. Ne1 Nbd7 11. Nd3 Re8 12. f4 g6 13. Ne5 c5 14. Bc2 Nd5 15. Nxd7
Qxd7 16. Ne4 cxd4 17. Nf6+ Nxf6 18. Qe1 Bc5 19. Kh1 dxe3 20. Bxe3 Bxe3 21. Qxe3
Qc6 22. Qe2 Rad8 23. Rac1 Rd6 24. Bxg6 Qd7 25. Bb1 Rd8 26. Rg1 Qe7 27. Rcd1 Qf8
28. Rxd6 Rxd6 29. Kh2 Qd8 30. Qe5 Rd5 31. Qe3 Rd2 32. Qg3+ Kh8 33. b3 Rd3 34.
Qxd3 Qxd3 35. Bxd3 Kg7 36. Rc1 Nd5 37. g3 h6 38. Be4 Kf6 39. Bxd5 Bxd5 40. Kg1
h5 41. h4 Kf5 42. Kf2 Ke4 43. Rc7 1-0